| 000 | 00824nam a2200241Ia 4500 | ||
|---|---|---|---|
| 003 | OSt | ||
| 005 | 20220923221807.0 | ||
| 006 | a|||||r|||| 00| 0 | ||
| 007 | ta | ||
| 008 | 220922b |||||||| |||| 00| 0 hin d | ||
| 024 | _a200,104 | ||
| 037 | _cTextual | ||
| 040 |
_aARTS _cARTS _bhin |
||
| 041 |
_2hin _ahin |
||
| 082 | _aQ3, 152K31 | ||
| 100 | _aजैन, प्रेमसागर | ||
| 245 | 0 | _aजैन भक्ति काव्य की पृष्ठभूमि | |
| 246 | _aJain bhakti kāvya kī pṛuṣhṭhabhūmi | ||
| 260 | _c1963 | ||
| 490 | _aज्ञानपीठ लोकोदय ग्रंथमाला लक्ष्मीचंद्र जैन; 147 | ||
| 942 |
_hQ3, 152K31 _cTEXL _2CC |
||
| 999 |
_c351806 _d351806 |
||